[Event "XLIV Memoriał Szachowy Ludwika Zamenhofa 2025, Grupa A"]
[Site "Białystok, Poland"]
[Date "2025.12.27"]
[Round "1.9"]
[White "Pidluznij, Gleb"]
[Black "Karut, Kacper"]
[Result "1-0"]
[TimeControl "90'+30\""]
[WhiteElo "2411"]
[BlackElo "2148"]

1. e4 {[%clk 01:30:55]} {[%emt 00:00:04]} e5 {[%clk 01:30:55]} {[%emt
00:00:04]} 2. Nc3 {[%clk 01:30:55]} {[%emt 00:00:30]} Nc6 {[%clk 01:30:59]}
{[%emt 00:00:26]} 3. g3 {[%clk 01:30:01]} {[%emt 00:01:25]} Nf6 {[%clk
01:29:21]} {[%emt 00:02:08]} 4. Bg2 {[%clk 01:29:26]} {[%emt 00:01:05]} Bc5
{[%clk 01:29:08]} {[%emt 00:00:43]} 5. h3 {[%clk 01:23:46]} {[%emt 00:06:10]}
a5 {[%clk 01:27:21]} {[%emt 00:02:17]} 6. a4 {[%clk 01:21:13]} {[%emt
00:03:03]} O-O {[%clk 01:16:09]} {[%emt 00:11:42]} 7. d3 {[%clk 01:21:36]}
{[%emt 00:00:07]} d6 {[%clk 01:10:03]} {[%emt 00:06:35]} 8. Nge2 {[%clk
01:20:00]} {[%emt 00:02:06]} Be6 {[%clk 01:06:28]} {[%emt 00:04:06]} 9. O-O
{[%clk 01:08:17]} {[%emt 00:12:13]} h6 {[%clk 01:01:03]} {[%emt 00:05:55]} 10.
Be3 {[%clk 00:59:55]} {[%emt 00:08:51]} Bxe3 {[%clk 00:57:01]} {[%emt
00:04:33]} 11. fxe3 {[%clk 01:00:19]} {[%emt 00:00:06]} Nh7 {[%clk 00:53:19]}
{[%emt 00:04:11]} 12. Kh2 {[%clk 01:00:24]} {[%emt 00:00:25]} Qg5 {[%clk
00:46:30]} {[%emt 00:07:20]} 13. Qd2 {[%clk 00:52:57]} {[%emt 00:07:57]} Ne7
{[%clk 00:36:39]} {[%emt 00:10:21]} 14. Rf2 {[%clk 00:49:07]} {[%emt 00:04:20]}
c6 {[%clk 00:34:32]} {[%emt 00:02:36]} 15. Ng1 {[%clk 00:39:38]} {[%emt
00:09:58]} Nf6 {[%clk 00:18:10]} {[%emt 00:16:54]} 16. Raf1 {[%clk 00:32:23]}
{[%emt 00:07:45]} Nd7 {[%clk 00:07:26]} {[%emt 00:11:13]} 17. d4 {[%clk
00:32:00]} {[%emt 00:00:53]} exd4 {[%clk 00:06:09]} {[%emt 00:01:48]} 18. exd4
{[%clk 00:31:48]} {[%emt 00:00:42]} Qxd2 {[%clk 00:06:30]} {[%emt 00:00:09]} 19.
Rxd2 {[%clk 00:32:16]} {[%emt 00:00:01]} d5 {[%clk 00:06:20]} {[%emt 00:00:41]}
20. Re1 {[%clk 00:29:53]} {[%emt 00:02:52]} dxe4 {[%clk 00:05:38]} {[%emt
00:01:12]} 21. Nxe4 {[%clk 00:30:15]} {[%emt 00:00:08]} Nd5 {[%clk 00:05:28]}
{[%emt 00:00:40]} 22. Nd6 {[%clk 00:26:47]} {[%emt 00:03:59]} N7b6 {[%clk
00:03:16]} {[%emt 00:02:42]} 23. c4 {[%clk 00:24:07]} {[%emt 00:03:10]} Nb4
{[%clk 00:02:58]} {[%emt 00:00:48]} 24. b3 {[%clk 00:24:08]} {[%emt 00:00:28]}
Rab8 {[%clk 00:02:29]} {[%emt 00:01:00]} 25. Ne2 {[%clk 00:23:13]} {[%emt
00:01:25]} Rfd8 {[%clk 00:02:27]} {[%emt 00:00:32]} 26. Ne4 {[%clk 00:23:24]}
{[%emt 00:00:18]} Bxc4 {[%clk 00:01:39]} {[%emt 00:01:18]} 27. bxc4 {[%clk
00:22:25]} {[%emt 00:01:30]} Nxc4 {[%clk 00:02:08]} {[%emt 00:00:02]} 28. Rdd1
{[%clk 00:22:00]} {[%emt 00:00:54]} Ne3 {[%clk 00:01:48]} {[%emt 00:00:50]} 29.
Rb1 {[%clk 00:14:17]} {[%emt 00:08:13]} Nbc2 {[%clk 00:02:05]} {[%emt
00:00:13]} 30. Rec1 {[%clk 00:12:15]} {[%emt 00:02:31]} Nxd4 {[%clk 00:02:28]}
{[%emt 00:00:08]} 31. Rb2 {[%clk 00:12:36]} {[%emt 00:00:09]} b5 {[%clk
00:00:49]} {[%emt 00:02:09]} 32. Nxd4 {[%clk 00:10:25]} {[%emt 00:02:40]} Rxd4
{[%clk 00:01:17]} {[%emt 00:00:02]} 33. Nc5 {[%clk 00:10:46]} {[%emt 00:00:09]}
Nxg2 {[%clk 00:00:37]} {[%emt 00:01:10]} 34. Kxg2 {[%clk 00:11:09]} {[%emt
00:00:07]} Rb4 {[%clk 00:00:36]} {[%emt 00:00:30]} 35. Rxb4 {[%clk 00:11:29]}
{[%emt 00:00:10]} axb4 {[%clk 00:01:01]} {[%emt 00:00:05]} 36. a5 {[%clk
00:11:46]} {[%emt 00:00:13]} Ra8 {[%clk 00:01:11]} {[%emt 00:00:21]} 37. a6
{[%clk 00:12:05]} {[%emt 00:00:11]} Kf8 {[%clk 00:01:36]} {[%emt 00:00:04]} 38.
Re1 {[%clk 00:09:53]} {[%emt 00:02:43]} b3 {[%clk 00:01:47]} {[%emt 00:00:19]}
39. Kf3 {[%clk 00:09:09]} {[%emt 00:01:13]} Ra7 {[%clk 00:01:59]} {[%emt
00:00:19]} 40. Re3 {[%clk 00:07:43]} {[%emt 00:01:55]} b2 {[%clk 00:02:04]}
{[%emt 00:00:26]} 41. Rb3 {[%clk 00:08:08]} {[%emt 00:00:04]} Ke7 {[%clk
00:02:30]} {[%emt 00:00:05]} 42. Ke4 {[%clk 00:06:50]} {[%emt 00:01:48]} Kd6
{[%clk 00:01:50]} {[%emt 00:01:09]} 43. Kd4 {[%clk 00:07:18]} {[%emt 00:00:02]}
Kc7 {[%clk 00:01:24]} {[%emt 00:00:57]} 44. Rxb2 {[%clk 00:07:26]} {[%emt
00:00:22]} Kb6 {[%clk 00:01:48]} {[%emt 00:00:05]} 45. Re2 {[%clk 00:06:48]}
{[%emt 00:01:08]} Ra8 {[%clk 00:01:15]} {[%emt 00:01:04]} 46. Re7 {[%clk
00:04:53]} {[%emt 00:02:26]} Rd8+ {[%clk 00:01:36]} {[%emt 00:00:09]} 47. Nd7+
{[%clk 00:04:59]} {[%emt 00:00:22]} Kxa6 {[%clk 00:01:56]} {[%emt 00:00:11]} 48.
Kc5 {[%clk 00:05:21]} {[%emt 00:00:08]} g5 {[%clk 00:01:09]} {[%emt 00:01:16]}
49. g4 {[%clk 00:02:22]} {[%emt 00:03:29]} Ka5 {[%clk 00:00:40]} {[%emt
00:01:00]} 50. Ne5 {[%clk 00:02:26]} {[%emt 00:00:25]} Rd5 {[%clk 00:00:33]}
{[%emt 00:00:37]} 51. Kxc6 {[%clk 00:02:55]} {[%emt 00:00:02]} Rd1 {[%clk
00:00:50]} {[%emt 00:00:12]} 52. Ra7+ {[%clk 00:02:57]} {[%emt 00:00:28]} Kb4
{[%clk 00:01:16]} {[%emt 00:00:05]} 53. Rxf7 {[%clk 00:01:49]} {[%emt
00:01:37]} Rc1+ {[%clk 00:01:13]} {[%emt 00:00:33]} 54. Kd5 {[%clk 00:02:14]}
{[%emt 00:00:05]} Rc3 {[%clk 00:00:59]} {[%emt 00:00:45]} 55. Nf3 {[%clk
00:01:53]} {[%emt 00:00:51]} Rc4 {[%clk 00:00:51]} {[%emt 00:00:38]} 56. Rf6
{[%clk 00:02:16]} {[%emt 00:00:07]} Rf4 {[%clk 00:00:35]} {[%emt 00:00:46]} 57.
Rxf4+ {[%clk 00:01:25]} {[%emt 00:01:21]} gxf4 {[%clk 00:01:01]} {[%emt
00:00:04]} 58. Ke4 {[%clk 00:00:52]} {[%emt 00:01:03]} Kc3 {[%emt 00:00:29]} 59.
Kxf4 {[%clk 00:00:56]} {[%emt 00:00:01]} 1-0

[Event "XLIV Memoriał Szachowy Ludwika Zamenhofa 2025, Grupa A"]
[Site "Białystok, Poland"]
[Date "2025.12.27"]
[Round "1.10"]
[White "Obukhava, Anastasiya"]
[Black "Turski, Bartlomiej"]
[Result "0-1"]
[TimeControl "90'+30\""]
[WhiteElo "2146"]
[BlackElo "2411"]

1. c4 {[%clk 01:30:57]} {[%emt 00:00:02]} e5 {[%clk 01:30:56]} {[%emt
00:00:05]} 2. g3 {[%clk 01:31:19]} {[%emt 00:00:07]} d6 {[%clk 01:31:22]}
{[%emt 00:00:04]} 3. Nc3 {[%clk 01:31:05]} {[%emt 00:00:44]} f5 {[%clk
01:31:32]} {[%emt 00:00:21]} 4. Bg2 {[%clk 01:31:10]} {[%emt 00:00:25]} Nf6
{[%clk 01:31:49]} {[%emt 00:00:10]} 5. d4 {[%clk 01:31:04]} {[%emt 00:00:39]}
c6 {[%clk 01:29:24]} {[%emt 00:02:55]} 6. e3 {[%clk 01:29:17]} {[%emt
00:02:16]} Be7 {[%clk 01:29:29]} {[%emt 00:00:25]} 7. Nge2 {[%clk 01:29:35]}
{[%emt 00:00:11]} O-O {[%clk 01:29:55]} {[%emt 00:00:05]} 8. O-O {[%clk
01:29:11]} {[%emt 00:00:54]} e4 {[%clk 01:30:16]} {[%emt 00:00:09]} 9. Qb3
{[%clk 01:24:12]} {[%emt 00:05:29]} Kh8 {[%clk 01:30:33]} {[%emt 00:00:13]} 10.
Bd2 {[%clk 01:20:50]} {[%emt 00:03:52]} Na6 {[%clk 01:28:24]} {[%emt 00:02:39]}
11. Rac1 {[%clk 01:19:02]} {[%emt 00:02:18]} Rb8 {[%clk 01:22:51]} {[%emt
00:06:03]} 12. a3 {[%clk 01:11:54]} {[%emt 00:07:39]} Be6 {[%clk 01:22:24]}
{[%emt 00:00:57]} 13. Qa2 {[%clk 01:09:04]} {[%emt 00:03:20]} Bf7 {[%clk
01:21:52]} {[%emt 00:01:03]} 14. b3 {[%clk 01:07:37]} {[%emt 00:01:56]} b5
{[%clk 01:21:32]} {[%emt 00:00:51]} 15. Rb1 {[%clk 00:50:55]} {[%emt 00:17:12]}
Qd7 {[%clk 01:20:57]} {[%emt 00:01:05]} 16. Rfd1 {[%clk 00:38:00]} {[%emt
00:13:25]} bxc4 {[%clk 01:17:32]} {[%emt 00:03:55]} 17. bxc4 {[%clk 00:38:28]}
{[%emt 00:00:02]} Qe6 {[%clk 01:16:43]} {[%emt 00:01:18]} 18. d5 {[%clk
00:38:01]} {[%emt 00:00:58]} Qd7 {[%clk 01:16:11]} {[%emt 00:01:01]} 19. f3
{[%clk 00:28:13]} {[%emt 00:10:18]} Nc5 {[%clk 01:13:43]} {[%emt 00:02:58]} 20.
Nd4 {[%clk 00:28:03]} {[%emt 00:00:39]} cxd5 {[%clk 01:13:31]} {[%emt
00:00:43]} 21. cxd5 {[%clk 00:28:23]} {[%emt 00:00:11]} exf3 {[%clk 01:11:01]}
{[%emt 00:02:59]} 22. Bxf3 {[%clk 00:28:36]} {[%emt 00:00:18]} Nce4 {[%clk
01:11:16]} {[%emt 00:00:14]} 23. Be1 {[%clk 00:24:24]} {[%emt 00:04:42]} Rbc8
{[%clk 01:08:02]} {[%emt 00:03:44]} 24. Nde2 {[%clk 00:22:57]} {[%emt
00:01:57]} Rc5 {[%clk 01:06:55]} {[%emt 00:01:37]} 25. Rb4 {[%clk 00:20:25]}
{[%emt 00:03:02]} Rfc8 {[%clk 01:05:58]} {[%emt 00:01:28]} 26. Rd3 {[%clk
00:20:10]} {[%emt 00:00:44]} Bd8 {[%clk 01:04:31]} {[%emt 00:01:56]} 27. Qb3
{[%clk 00:17:38]} {[%emt 00:03:03]} Qe8 {[%clk 01:03:07]} {[%emt 00:01:54]} 28.
Bxe4 {[%clk 00:13:04]} {[%emt 00:05:04]} fxe4 {[%clk 01:02:35]} {[%emt
00:01:01]} 29. Rdd4 {[%clk 00:13:33]} {[%emt 00:00:02]} Ba5 {[%clk 01:01:23]}
{[%emt 00:01:42]} 30. Nxe4 {[%clk 00:07:57]} {[%emt 00:06:07]} Nxe4 {[%clk
00:59:29]} {[%emt 00:02:24]} 31. Rxe4 {[%clk 00:08:25]} {[%emt 00:00:01]} Qg8
{[%clk 00:59:51]} {[%emt 00:00:09]} 32. Nc3 {[%clk 00:06:18]} {[%emt 00:02:36]}
Bxb4 {[%clk 01:00:06]} {[%emt 00:00:15]} 33. axb4 {[%clk 00:06:19]} {[%emt
00:00:30]} Rxd5 {[%clk 01:00:05]} {[%emt 00:00:30]} 34. Qb2 {[%clk 00:05:59]}
{[%emt 00:00:50]} Rf5 {[%clk 00:59:09]} {[%emt 00:01:26]} 35. Ne2 {[%clk
00:04:41]} {[%emt 00:01:49]} Re8 {[%clk 00:58:34]} {[%emt 00:01:05]} 36. Rxe8
{[%clk 00:03:04]} {[%emt 00:02:06]} Qxe8 {[%clk 00:59:02]} {[%emt 00:00:01]} 37.
Qd4 {[%clk 00:03:24]} {[%emt 00:00:11]} Bd5 {[%clk 00:55:00]} {[%emt 00:04:33]}
38. Bc3 {[%clk 00:03:04]} {[%emt 00:00:50]} Rf7 {[%clk 00:55:01]} {[%emt
00:00:29]} 39. Nf4 {[%clk 00:03:22]} {[%emt 00:00:12]} Ba8 {[%clk 00:54:32]}
{[%emt 00:00:58]} 40. Bb2 {[%clk 00:00:54]} {[%emt 00:02:58]} Kg8 {[%clk
00:53:54]} {[%emt 00:01:08]} 41. Qc3 {[%clk 00:00:33]} {[%emt 00:00:52]} Qc6
{[%clk 00:53:59]} {[%emt 00:00:25]} 0-1

[Event "XLIV Memoriał Szachowy Ludwika Zamenhofa 2025, Grupa A"]
[Site "Białystok, Poland"]
[Date "2025.12.27"]
[Round "1.11"]
[White "Piesik, Piotr"]
[Black "Kondys, Piotr"]
[Result "1-0"]
[TimeControl "90'+30\""]
[WhiteElo "2407"]
[BlackElo "2136"]

1. d4 {[%clk 01:30:57]} {[%emt 00:00:03]} e6 {[%clk 01:30:41]} {[%emt
00:00:18]} 2. c4 {[%clk 01:31:18]} {[%emt 00:00:10]} Nf6 {[%clk 01:30:55]}
{[%emt 00:00:14]} 3. Nc3 {[%clk 01:31:34]} {[%emt 00:00:15]} Bb4 {[%clk
01:31:06]} {[%emt 00:00:18]} 4. Bf4 {[%clk 01:31:51]} {[%emt 00:00:14]} b6
{[%clk 01:31:21]} {[%emt 00:00:15]} 5. e3 {[%clk 01:32:04]} {[%emt 00:00:17]}
Bb7 {[%clk 01:31:12]} {[%emt 00:00:38]} 6. Nge2 {[%clk 01:32:16]} {[%emt
00:00:19]} O-O {[%clk 01:25:19]} {[%emt 00:06:23]} 7. a3 {[%clk 01:32:38]}
{[%emt 00:00:10]} Be7 {[%clk 01:24:15]} {[%emt 00:01:32]} 8. d5 {[%clk
01:32:44]} {[%emt 00:00:24]} d6 {[%clk 01:22:46]} {[%emt 00:01:59]} 9. e4
{[%clk 01:29:20]} {[%emt 00:03:55]} e5 {[%clk 01:15:12]} {[%emt 00:08:04]} 10.
Bd2 {[%clk 01:28:54]} {[%emt 00:00:56]} Nbd7 {[%clk 01:14:25]} {[%emt
00:01:16]} 11. Ng3 {[%clk 01:28:44]} {[%emt 00:00:40]} g6 {[%clk 01:09:24]}
{[%emt 00:05:31]} 12. Bh6 {[%clk 01:19:35]} {[%emt 00:09:40]} Re8 {[%clk
01:09:42]} {[%emt 00:00:11]} 13. h4 {[%clk 01:19:56]} {[%emt 00:00:10]} Bf8
{[%clk 01:08:56]} {[%emt 00:01:15]} 14. Bxf8 {[%clk 01:09:28]} {[%emt
00:10:59]} Rxf8 {[%clk 01:02:12]} {[%emt 00:07:13]} 15. h5 {[%clk 01:09:16]}
{[%emt 00:00:43]} Ne8 {[%clk 00:59:52]} {[%emt 00:02:49]} 16. Qd2 {[%clk
01:06:56]} {[%emt 00:02:51]} Ng7 {[%clk 00:58:12]} {[%emt 00:02:09]} 17. Be2
{[%clk 01:01:36]} {[%emt 00:05:50]} Qf6 {[%clk 00:43:39]} {[%emt 00:15:03]} 18.
Qh6 {[%clk 00:46:45]} {[%emt 00:15:22]} g5 {[%clk 00:40:05]} {[%emt 00:04:03]}
19. Qxf6 {[%clk 00:46:49]} {[%emt 00:00:28]} Nxf6 {[%clk 00:40:27]} {[%emt
00:00:06]} 20. h6 {[%clk 00:47:17]} {[%emt 00:00:03]} Nge8 {[%clk 00:40:47]}
{[%emt 00:00:10]} 21. Nf5 {[%clk 00:41:04]} {[%emt 00:06:44]} Kh8 {[%clk
00:41:03]} {[%emt 00:00:13]} 22. Kd2 {[%clk 00:36:00]} {[%emt 00:05:34]} Bc8
{[%clk 00:38:43]} {[%emt 00:02:50]} 23. Ne7 {[%clk 00:34:44]} {[%emt 00:01:47]}
Bd7 {[%clk 00:37:41]} {[%emt 00:01:31]} 24. Nc6 {[%clk 00:30:54]} {[%emt
00:04:20]} Ng8 {[%clk 00:19:40]} {[%emt 00:18:31]} 25. Rh5 {[%clk 00:28:23]}
{[%emt 00:03:01]} Bxc6 {[%clk 00:15:36]} {[%emt 00:04:35]} 26. dxc6 {[%clk
00:28:48]} {[%emt 00:00:05]} Ne7 {[%clk 00:15:54]} {[%emt 00:00:12]} 27. Rxg5
{[%clk 00:28:31]} {[%emt 00:00:46]} Nxc6 {[%clk 00:15:53]} {[%emt 00:00:31]} 28.
Rf1 {[%clk 00:22:12]} {[%emt 00:06:49]} Nd4 {[%clk 00:15:41]} {[%emt 00:00:42]}
29. Nd5 {[%clk 00:20:18]} {[%emt 00:02:24]} c6 {[%clk 00:13:54]} {[%emt
00:02:17]} 30. Ne7 {[%clk 00:16:46]} {[%emt 00:04:02]} Nf6 {[%clk 00:14:17]}
{[%emt 00:00:08]} 31. Bd3 {[%clk 00:16:50]} {[%emt 00:00:26]} Ng8 {[%clk
00:14:19]} {[%emt 00:00:28]} 32. Nf5 {[%clk 00:14:59]} {[%emt 00:02:21]} Nxf5
{[%clk 00:14:41]} {[%emt 00:00:07]} 33. Rxf5 {[%clk 00:13:39]} {[%emt
00:01:51]} f6 {[%clk 00:15:03]} {[%emt 00:00:08]} 34. Rh5 {[%clk 00:14:03]}
{[%emt 00:00:06]} Ne7 {[%clk 00:13:58]} {[%emt 00:01:35]} 35. g3 {[%clk
00:09:54]} {[%emt 00:04:39]} Rg8 {[%clk 00:12:43]} {[%emt 00:01:44]} 36. Ke3
{[%clk 00:09:11]} {[%emt 00:01:14]} Rg6 {[%clk 00:09:25]} {[%emt 00:03:47]} 37.
Bc2 {[%clk 00:09:18]} {[%emt 00:00:24]} Rd8 {[%clk 00:08:20]} {[%emt 00:01:35]}
38. Rd1 {[%emt 00:02:59]} Ng8 {[%clk 00:08:16]} {[%emt 00:00:33]} 39. Ba4
{[%clk 00:06:10]} {[%emt 00:01:10]} Ne7 {[%clk 00:06:56]} {[%emt 00:01:49]} 40.
Ke2 {[%clk 00:03:55]} {[%emt 00:02:46]} Rg4 {[%clk 00:06:17]} {[%emt 00:01:09]}
41. Kf3 {[%clk 00:04:01]} {[%emt 00:00:24]} Rgg8 {[%clk 00:06:19]} {[%emt
00:00:27]} 42. Rd2 {[%clk 00:03:21]} {[%emt 00:01:11]} Rgf8 {[%clk 00:03:14]}
{[%emt 00:03:35]} 43. g4 {[%clk 00:02:53]} {[%emt 00:00:59]} Kg8 {[%clk
00:03:30]} {[%emt 00:00:13]} 44. Rh1 {[%clk 00:02:25]} {[%emt 00:00:58]} Kf7
{[%clk 00:03:48]} {[%emt 00:00:12]} 45. b4 {[%clk 00:02:16]} {[%emt 00:00:39]}
Ke6 {[%clk 00:02:31]} {[%emt 00:01:46]} 46. Rhd1 {[%clk 00:02:29]} {[%emt
00:00:18]} Rg8 {[%clk 00:01:04]} {[%emt 00:01:57]} 47. c5 {[%clk 00:02:35]}
{[%emt 00:00:23]} bxc5 {[%clk 00:01:14]} {[%emt 00:00:21]} 48. bxc5 {[%clk
00:03:01]} {[%emt 00:00:04]} d5 {[%clk 00:01:42]} {[%emt 00:00:01]} 49. Bxc6
{[%clk 00:02:40]} {[%emt 00:00:51]} d4 {[%clk 00:01:30]} {[%emt 00:00:42]} 50.
Bb5 {[%clk 00:02:31]} {[%emt 00:00:38]} Rg6 {[%clk 00:01:46]} {[%emt 00:00:14]}
51. Rh1 {[%clk 00:02:01]} {[%emt 00:01:01]} Rc8 {[%clk 00:01:32]} {[%emt
00:00:44]} 52. Bc4+ {[%clk 00:01:49]} {[%emt 00:00:42]} Kd7 {[%clk 00:02:00]}
{[%emt 00:00:02]} 53. Bf7 {[%clk 00:01:51]} {[%emt 00:00:28]} Rg5 {[%clk
00:01:17]} {[%emt 00:01:13]} 54. Rc1 {[%clk 00:01:48]} {[%emt 00:00:33]} Rb8
{[%clk 00:00:58]} {[%emt 00:00:49]} 55. Rd3 {[%clk 00:01:29]} {[%emt 00:00:50]}
Rf8 {[%clk 00:01:05]} {[%emt 00:00:22]} 56. Bc4 {[%clk 00:01:26]} {[%emt
00:00:31]} Rb8 {[%clk 00:01:28]} {[%emt 00:00:08]} 57. Rb3 {[%clk 00:01:32]}
{[%emt 00:00:26]} Rxb3+ {[%clk 00:01:39]} {[%emt 00:00:18]} 58. Bxb3 {[%clk
00:02:01]} {[%emt 00:00:01]} Rg6 {[%clk 00:02:05]} {[%emt 00:00:04]} 59. Bf7
{[%clk 00:00:44]} {[%emt 00:01:47]} Rxh6 {[%clk 00:02:22]} {[%emt 00:00:13]} 60.
Kg3 {[%clk 00:00:47]} {[%emt 00:00:27]} Ng6 {[%clk 00:02:41]} {[%emt 00:00:11]}
61. c6+ {[%clk 00:00:36]} {[%emt 00:00:41]} Kc7 {[%clk 00:03:04]} {[%emt
00:00:07]} 62. Be8 {[%clk 00:00:50]} {[%emt 00:00:16]} Nf4 {[%clk 00:03:27]}
{[%emt 00:00:07]} 63. g5 {[%clk 00:01:14]} {[%emt 00:00:06]} fxg5 {[%clk
00:01:56]} {[%emt 00:02:00]} 64. Rb1 {[%clk 00:01:36]} {[%emt 00:00:09]} Rxc6
{[%clk 00:00:40]} {[%emt 00:01:46]} 65. Bxc6 {[%clk 00:02:01]} {[%emt
00:00:05]} Kxc6 66. Kg4 {[%clk 00:01:32]} {[%emt 00:00:58]} d3 {[%clk
00:01:34]} {[%emt 00:00:06]} 67. Kf3 {[%clk 00:01:40]} {[%emt 00:00:23]} h5
{[%clk 00:00:47]} {[%emt 00:01:16]} 68. Ke3 {[%clk 00:01:45]} {[%emt 00:00:25]}
Kc5 {[%clk 00:00:31]} {[%emt 00:00:46]} 69. Rb7 {[%clk 00:01:49]} {[%emt
00:00:26]} a5 {[%clk 00:00:34]} {[%emt 00:00:27]} 70. Re7 {[%clk 00:01:24]}
{[%emt 00:00:54]} Kd6 {[%clk 00:00:43]} {[%emt 00:00:22]} 71. Ra7 {[%clk
00:01:15]} {[%emt 00:00:39]} h4 {[%clk 00:01:00]} {[%emt 00:00:13]} 72. Ra6+
{[%clk 00:01:14]} {[%emt 00:00:31]} Kc7 {[%clk 00:00:37]} {[%emt 00:00:53]} 73.
Rxa5 {[%clk 00:01:25]} {[%emt 00:00:19]} h3 {[%clk 00:01:04]} {[%emt 00:00:03]}
74. Rxe5 {[%clk 00:01:17]} {[%emt 00:00:38]} h2 {[%clk 00:01:22]} {[%emt
00:00:12]} 75. Rc5+ {[%clk 00:01:29]} {[%emt 00:00:18]} Kd6 {[%clk 00:00:41]}
{[%emt 00:01:12]} 76. Rc1 {[%clk 00:01:54]} {[%emt 00:00:04]} Ke5 {[%clk
00:00:33]} {[%emt 00:00:38]} 77. Rh1 {[%clk 00:02:13]} {[%emt 00:00:11]} d2
{[%clk 00:00:45]} {[%emt 00:00:18]} 78. Kxd2 {[%clk 00:02:37]} {[%emt
00:00:06]} Kxe4 {[%clk 00:01:10]} {[%emt 00:00:05]} 79. Rxh2 {[%clk 00:03:02]}
{[%emt 00:00:05]} Kd5 {[%clk 01:30:30]} {[%emt 00:00:08]} 1-0